Municípios mais populosos do Brasil em 1900 - Statistics

Estatísticas Gerais
  • Esse quiz foi jogado 36 vezes
  • A pontuação média é 10 de 20
Estatísticas das Respostas
População Estado Município % Correto
113 106 Pernambuco Recife
100%
239 820 São Paulo São Paulo
100%
205 813 Bahia São Salvador
100%
96 560 Pará Belém
93%
746 749 Districto Federal Rio de Janeiro
93%
73 674 Rio Grande do Sul Porto Alegre
83%
65 380 Amazonas Manaus
80%
67 694 São Paulo Campinas
67%
65 383 Minas Geraes Ouro Preto
63%
63 473 Bahia Feira de Santana
60%
91 119 Minas Geraes Juiz de Fora
53%
90 706 Rio de Janeiro Campos
40%
85 845 Bahia Santo Amaro
17%
74 895 Minas Geraes Barbacena
10%
80 339 Minas Geraes Serro
10%
56 402 Minas Geraes Grão Mogol
7%
84 990 Minas Geraes Minas Novas
7%
60 605 Minas Geraes Queluz
7%
57 995 Pernambuco Nazareth
3%
68 026 Minas Geraes Santa Bárbara
3%
Nenhum quiz correspondente encontrado
Distribuição das Pontuações
Porcentagem de Pessoas com Cada Pontuação
Percentil de Números Respondidos
Sua Pontuação Histórica
Você não jogou esse quiz